000 00642nam a2200229Ia 4500
003 OSt
005 20220928103939.0
006 a|||||r|||| 00| 0
007 ta
008 220927b |||||||| |||| 00| 0 eng d
024 _a108436
037 _cTextual
040 _aSDCL
_cSDCL
_beng
041 _2eng
_aeng
082 _aO1,6N4x, P6
100 _aVijay Kumar
_9393740
245 0 _aAndhery samya mein vichar
_b Beesween sadi ke uttardh ka vaicharik paridrishya
260 _aMumbai
_bSamwad Publlisher
_c2006
300 _a249p.
_ccm.
942 _hO1,6N4x, P6
_cTEXL
_2CC
999 _c723180
_d723180